00520nam a2200157Ia 450000500170000000800410001704100080005808200160006610000280008224500340011026000380014430000090018265000200019199900190021195201320023020250729165724.0250729s2009 xx 000 0 und d aeng a420.25 SURE aSuraksha Bansal9231417 aEssential of Teaching English aNewdelhibR Lall Book Depotc2009 a380p aEnglish9231418 c239271d239271 00104070aALbALd2025-07-29eManagement Booksg150.00l0o420.25 SUREpBED04590r2025-07-29 16:57:24v150.00w2025-07-29yBK